Environmentálne manažérstvo v odpadovom hospodárstve
Saved in:
| Main Author: | |
|---|---|
| Corporate Author: | |
| Other Authors: | , , , |
| Format: | Book |
| Language: | Slovak |
| Published: |
Košice
Petit
2020
|
| Edition: | 1. vydanie |
| Subjects: | |
| Tags: |
No Tags, Be the first to tag this record!
|
MARC
| LEADER | 00000nam a2200000 4500 | ||
|---|---|---|---|
| 001 | 0270549 | ||
| 005 | 20240502074235.6 | ||
| 020 | |a 978-80-971555-8-2 | ||
| 041 | 0 | |a slo | |
| 044 | |a SK | ||
| 245 | 1 | 0 | |a Environmentálne manažérstvo v odpadovom hospodárstve |c Milan Majerník, Peter Drábik, Naqibullah Daneshjo ; recenzenti: Ondrej Hronec, Miroslav Badida |
| 250 | |a 1. vydanie | ||
| 264 | 1 | |a Košice |b Petit |c 2020 | |
| 300 | |a 218 s. [10,9 AH] | ||
| 610 | 2 | 0 | |a manažment environmentálny |
| 610 | 2 | 0 | |a hospodárstvo odpadové |
| 610 | 2 | 0 | |a politika environmentálna |
| 610 | 2 | 0 | |a odpad komunálny |
| 610 | 2 | 0 | |a spracovanie odpadu |
| 610 | 2 | 0 | |a recyklácia odpadu |
| 610 | 2 | 0 | |a výkonnosť |
| 100 | 1 | |a Majerník, Milan, 1952- | |
| 700 | 1 | |a Drábik, Peter, 1981- | |
| 700 | 1 | |a Daneshjo, Naqibullah, 1964- | |
| 700 | 1 | |a Hronec, Ondrej | |
| 700 | 1 | |a Badida, Miroslav | |
| 710 | 2 | |a Ekonomická univerzita v Bratislave. Obchodná fakulta | |